| 000 | 00466nam a22001577a 4500 | ||
|---|---|---|---|
| 005 | 20260408121611.0 | ||
| 008 | 260408b |||||||| |||| 00| 0 eng d | ||
| 020 | _a0-88936-191-6 | ||
| 082 |
_a338.16 _bCAS-B |
||
| 100 | _aCastillo,G.T | ||
| 245 | _aBeyond Manila Philippine Rural Problems in Perspective | ||
| 260 |
_aOttawa Canada _bInternational Development Research Center _c1980 |
||
| 500 | _aGifted by Dr.Salman Hassan | ||
| 650 | _aEconomic | ||
| 942 | _cBK | ||
| 999 |
_c47255 _d47255 |
||